[Event "ROM-ch"]
[Site "Eforie Nord"]
[Date "2009.02.04"]
[Round "5"]
[White "Hristodorescu, Daniel"]
[Black "Florescu, Alin Cristian"]
[Result "1-0"]
[WhiteElo "2232"]
[BlackElo "1936"]
[PlyCount "76"]
[EventDate "2009.01.31"]
[EventType "swiss"]
[EventRounds "9"]
[EventCountry "ROU"]
[SourceTitle "CBM 130 Extra"]
[Source "ChessBase"]
[SourceDate "2009.07.02"]
[SourceVersion "2"]
[SourceVersionDate "2009.07.15"]
[SourceQuality "1"]

1. e4 c5 2. Nf3 Nc6 3. Bb5 d6 4. 0-0 Bd7 5. c3 g6 6. d4 cxd4 7. cxd4 Bg7 8. Nc3 Nf6 9. Re1 0-0 10. d5 Nb8 11. Bd3 Bg4 12. h3 Bxf3 13. Qxf3 Nbd7 14. Qe2 Rc8 15. Be3 Nb6 16. Rac1 Nfd7 17. Rc2 Nc5 18. Rec1 Nxd3 19. Qxd3 a6 20. Ne2 Rxc2 21. Qxc2 Na8 22. b4 Qd7 23. a4 e6 24. dxe6 fxe6 25. Qd3 Be5 26. b5 axb5 27. axb5 Nc7 28. f4 Bg7 29. b6 Na6 30. Rd1 Rd8 31. Qb3 Kf8 32. g4 Rc8 33. f5 gxf5 34. gxf5 exf5 35. Rf1 Qe7 36. Rxf5+ Ke8 37. Bg5 Nc5 38. Qg8+ Kd7 1-0

[Event "ROM-ch U16 Boys"]
[Site "Voineasa"]
[Date "2008.04.17"]
[Round "8"]
[White "Florescu, Alin Cristian"]
[Black "Stanciu, Alexandru Ovidiu"]
[Result "1/2-1/2"]
[WhiteElo "928"]
[BlackElo "956"]
[PlyCount "79"]
[EventDate "2008.04.08"]
[EventType "swiss"]
[EventRounds "9"]
[EventCountry "ROU"]
[SourceTitle "EXT 2013"]
[Source "ChessBase"]
[SourceDate "2012.11.22"]
[SourceVersion "1"]
[SourceVersionDate "2012.11.22"]
[SourceQuality "1"]

1. c4 c5 2. Nc3 g6 3. g3 Bg7 4. Bg2 Nc6 5. d3 e6 6. Nf3 Nge7 7. 0-0 0-0 8. Bd2 a6 9. Rb1 Rb8 10. Ne4 d6 11. a3 b5 12. cxb5 axb5 13. Bc3 b4 14. Bxg7 Kxg7 15. a4 e5 16. Ned2 f6 17. Ne1 Be6 18. Nc2 Na5 19. Ne3 Qd7 20. Nec4 Nac6 21. Ne4 Nc8 22. Rc1 Nd8 23. b3 Nb7 24. Ned2 Qc7 25. Ra1 Ne7 26. Ne3 Na5 27. Ndc4 Nac6 28. Nd2 Ra8 29. Ndc4 Ra6 30. Qd2 Nd4 31. Qd1 Rb8 32. Rb1 Qd8 33. Nc2 Ndc6 34. N2e3 Na7 35. Qd2 Qg8 36. Rfc1 Rd8 37. Bb7 Bc8 38. Bxa6 Bxa6 39. Kg2 Qe6 40. h4 1/2-1/2

[Event "Ploiesti Conpet op"]
[Site "Ploiesti"]
[Date "2007.09.22"]
[Round "2"]
[White "Florescu, Alin Cristian"]
[Black "Miroiu, George Catalin"]
[Result "0-1"]
[WhiteElo "1958"]
[BlackElo "2066"]
[PlyCount "68"]
[EventDate "2007.09.22"]
[EventType "swiss"]
[EventRounds "9"]
[EventCountry "ROU"]
[SourceTitle "EXT 2010"]
[Source "ChessBase"]
[SourceDate "2010.11.25"]
[SourceVersion "1"]
[SourceVersionDate "2010.11.25"]
[SourceQuality "1"]

1. c4 e5 2. Nc3 Nc6 3. g3 d6 4. Bg2 Be6 5. d3 Qd7 6. Rb1 g6 7. b4 Bg7 8. b5 Nd4 9. Bd2 Ne7 10. Qc1 d5 11. cxd5 Nxd5 12. a4 0-0 13. Nf3 Rfe8 14. 0-0 Nxc3 15. Bxc3 Bh3 16. Qd2 Bxg2 17. Kxg2 Ne6 18. Qc2 Nd4 19. Bxd4 exd4 20. Rbc1 Re7 21. Rfe1 a6 22. Qb2 axb5 23. Qxb5 Qxb5 24. axb5 Ra2 25. Rc4 Kf8 26. Kf1 Rb2 27. Rc5 Ke8 28. Ng1 b6 29. Rc6 Rxb5 30. Rec1 Kd8 31. R1c2 Kc8 32. Nf3 Kb7 33. h4 Rb1+ 34. Kg2 h5 0-1

[Event "ROM-ch U14"]
[Site "Amara"]
[Date "2007.04.17"]
[Round "8"]
[White "Pop, Alexandru"]
[Black "Florescu, Alin Cristian"]
[Result "1/2-1/2"]
[WhiteElo "1733"]
[BlackElo "1975"]
[PlyCount "76"]
[EventDate "2007.04.12"]
[EventType "swiss"]
[EventRounds "9"]
[EventCountry "ROU"]
[SourceTitle "EXT 2010"]
[Source "ChessBase"]
[SourceDate "2010.11.25"]
[SourceVersion "1"]
[SourceVersionDate "2010.11.25"]
[SourceQuality "1"]

1. e4 e6 2. d4 d5 3. Nc3 dxe4 4. Nxe4 Nd7 5. Nf3 Ngf6 6. Bd3 Nxe4 7. Bxe4 Nf6 8. Bd3 Be7 9. 0-0 0-0 10. c3 Bd7 11. Qc2 c5 12. Be3 Rc8 13. b3 b5 14. Qe2 Nd5 15. c4 Nxe3 16. Qxe3 cxd4 17. Nxd4 bxc4 18. Bxc4 Qb6 19. Rfd1 Rfd8 20. Rd2 Bb4 21. Rd3 Bc5 22. Rad1 a6 23. Qe2 a5 24. Nf3 Bc6 25. Rxd8+ Rxd8 26. Rxd8+ Qxd8 27. Qd2 Qxd2 28. Nxd2 Kf8 29. Kf1 Ke7 30. f3 Bd6 31. h3 f5 32. Ke2 e5 33. Bd3 Ke6 34. Nc4 Bc7 35. Ke3 g6 36. a3 Kd5 37. b4 axb4 38. axb4 Ba4 1/2-1/2